Folklore : Một số thuật ngữ đương đại = Folklore some contemporary keywords

保存先:
書誌詳細
第一著者: Ngô, Đức Thịnh
フォーマット: 図書
言語:Undetermined
出版事項: Hà Nội Khoa học Xã hội 2005
主題:
タグ: タグ追加
タグなし, このレコードへの初めてのタグを付けませんか!
Thư viện lưu trữ: Trung tâm Học liệu Trường Đại học Cần Thơ
LEADER 00619nam a2200205Ia 4500
001 CTU_88926
008 210402s9999 xx 000 0 und d
020 |c 95000 
082 |a 398.41 
082 |b Th312 
100 |a Ngô, Đức Thịnh 
245 0 |a Folklore : 
245 0 |b Một số thuật ngữ đương đại = Folklore some contemporary keywords 
245 0 |c Ngô Đức Thịnh, Frank Proschan 
260 |a Hà Nội 
260 |b Khoa học Xã hội 
260 |c 2005 
650 |a Folklore 
904 |i Tuyến 
980 |a Trung tâm Học liệu Trường Đại học Cần Thơ